000 01750cam a2200361 a 4500
001 6128836
003 ARRUPE
005 20150210150410.0
008 061212s2006 tnu b 000 0 eng d
020 _a0849902177 (v. 18A)
020 _a9780849902178 (v. 18A)
029 1 _aYDXCP
_b1539168
035 _a(OCoLC)ocm76949915
035 _a(OCoLC)76949915
035 _a(NNC)6128836
040 _aDWT
_cDWT
_dRMC
_dBAKER
_dYDXCP
_dOrLoB-B
050 _aBS491.2
_bW67
092 _aR220.7 W924 v.18A
100 1 _aClines, David J. A.
_915037
245 1 0 _aJob 21-37 /
_cDavid J.A. Clines.
246 3 _aJob twenty-one-thirty-seven
260 _aNashville :
_bThomas Nelson Publishers,
_cc2006.
300 _axxiv, [503]-1038 p. ;
_c24 cm.
490 1 _aWord biblical commentary ;
_vv. 18A
504 _aIncludes bibliographical references.
505 0 0 _tThe Third Cycle (21:1-27:23) --
_tJob's Seventh Speech (21:1-34) --
_tEliphaz's Third Speech (22:1-30) --
_tJob's Eighth Speech (23:1-17; 24:1-17, 25) --
_tBildad's Third Speech (25:1-26:14) --
_tJob's Ninth Speech (27:1-6, 11-12) --
_tZophar's Third Speech (27:7-10, 13-17; 24:18-24; 27:18-23) --
_tElihu's Speeches (32:1-37:24; 28:1-28) --
_tElihu's First Speech (32:1-33:33) --
_tElihu's Second Speech (34:1-37) --
_tElihu's Third Speech (35:1-16) --
_tElihu's Fourth Speech (36:1-37:24) --
_tElihu's Fourth Speech Concluded (The Poem on Wisdom) (28:1-28) --
_tJob's Final Speech (29:1-31:40).
630 0 0 _aBible.
_pJob, XXI-XXXVII
_vCommentaries.
_915039
730 0 2 _aBible.
_pJob, XXI-XXXVII.
_lEnglish.
_sClines.
_f2006.
_915040
830 0 _aWord biblical commentary ;
_vv. 18A.
_915041
900 _bTOC
942 _2lcc
_cMONOGRAPH
948 1 _a20070402
_bc
_coc2016
_dMPS
999 _c122021
_d122021